Logo BPK

Biblioteka

Politechniki Koszalińskiej

Whiteoaks of Jalna / (Rekord nr 48367)

Szczegóły MARC
000 -ETYKIETA REKORDU
podpole kontrolne o stałej długości 00465nam a2200169 i 4500
001 - NUMER KONTROLNY REKORDU
pole kontrolne bgj
040 ## - ŹRÓDŁO KATALOGOWANIA
Instytucja, która utworzyła rekord BPK
041 0# - KOD JĘZYKA
Kod języka tekstu eng
008 - POLE O STAŁEJ DŁUGOŚCI - DANE KONTROLNE
podpole kontrolne o stałej długości s uk f |000 0 eng
100 1# - NAZWA OSOBOWA
Nazwa osobowa ROCHE, Mazo, de la
Daty związane z nazwą (1879-1961).
245 10 - TYTUŁ/ODPOWIEDZIALNOŚĆ
Tytuł Whiteoaks of Jalna /
Pozostałe elementy strefy tytułu i oznaczenia odpowiedzialności Mazo de la Roche.
260 ## - STREFA ADRESU WYDAWNICZEGO
Miejsce wydania Greenwich, Conn. :
Nazwa wydawcy/dystrybutora A FawcettCrest Books,
Data publikacji, dystrybucji/powstania dokumentu 1957.
300 ## - STREFA OPISU FIZYCZNEGO
Objętość 319 pp ;
Rozmiary 18 cm.
505 ## - SFORMALIZOWANA UWAGA DOTYCZĄCA ZAWARTOŚCI
Pełny tekst uwagi Includes genealogical tables.
650 #9 - HASŁO PRZEDMIOTOWE W FORMIE NAZWY OGÓLNEJ LUB JEDNOSTKOWEJ
Nazwa ogólna lub geograficzna Domestic fiction
856 ## - LOKALIZACJA I DOSTĘP DO ELEKTRONICZNYCH DOKUMENTÓW ZDALNYCH
Link (URL) http://koha.tu.koszalin.pl/cgi-bin/koha/opac-detail.pl?biblionumber=48367
Tekst linku Katalog online BPK
942 ## - DODATKOWE ELEMENTY (KOHA)
Typ dokumentu Książka
Egzemplarze
Wycofany Status egzemplarza Uszkodzony Dostępność Lokalizacja stała Lokalizacja bieżąca Miejsce przechowywania Sygnatura Kod kreskowy Typ dokumentu
      Dostępny Biblioteka Politechniki Koszalińskiej Biblioteka Politechniki Koszalińskiej Wypożyczalnia Językowa KA 5620 09084667 Książka
© 2023 Biblioteka Politechniki Koszalińskiej :: KOHA